| 000 | 00546cam a2200181ua 4500 | ||
|---|---|---|---|
| 001 | 1581 | ||
| 008 | 110712n ii |||gr||||Z||||||eng | ||
| 040 | _cMAIN | ||
| 082 | _a332.1120952 | ||
| 100 | 1 |
_aPatrick, Hugh Talbot, _eAuthor. |
|
| 245 | 1 |
_aMonetry policy and central banking in contemporary japan _cby Hugh Talbot Patrick |
|
| 250 | _a1st. | ||
| 260 |
_aBombay: _bRegister bombay university press,962. |
||
| 300 |
_a219p: _c23cm. |
||
| 653 | _aeconomics | ||
| 653 | _amonetary policy and central banking in contemporary japan | ||
| 942 | _cBK | ||
| 999 |
_c1468 _d1468 |
||